| 000 | 00472nam a2200133Ia 4500 | ||
|---|---|---|---|
| 008 | 220216s9999 xx 000 0 und d | ||
| 100 | _aFurukawa J | ||
| 245 | 0 | _aComparison of natural rubber with synthetic rubber on the basis of a new theory of elasticity and plasticity | |
| 260 | _bProceedings of the International Rubber Conference, Kuala Lumpur. V.1, 1975; p107-121 | ||
| 650 | _aNatural rubber | ||
| 650 | _aRaw rubber | ||
| 650 | _aSynthetic rubber | ||
| 942 | _cJS | ||
| 999 |
_c56009 _d56009 |
||